000 00276nam a2200121Ia 4500
008 190216s9999||||xx |||||||||||||| ||und||
100 _aClaud S George
245 0 _aManagement In Industry
260 _bS Chand & Co
_c1967
300 _a618p
650 _aCommerce
942 _cBK
999 _c4760
_d4760